Cultural diversity in health & illness / (Record no. 6692)
[ view plain ]
| 000 -LEADER | |
|---|---|
| fixed length control field | 00964nam a22002652 4500 |
| 001 - CONTROL NUMBER | |
| control field | 0000004869 |
| 005 - DATE AND TIME OF LATEST TRANSACTION | |
| control field | 20151217151943.0 |
| 008 - FIXED-LENGTH DATA ELEMENTS--GENERAL INFORMATION | |
| fixed length control field | 070530s xx 000 0 eng d |
| 020 ## - INTERNATIONAL STANDARD BOOK NUMBER | |
| International Standard Book Number | 0130939137 : |
| 040 ## - CATALOGING SOURCE | |
| Original cataloging agency | KABU |
| Transcribing agency | KABU |
| 050 #0 - LIBRARY OF CONGRESS CALL NUMBER | |
| Classification number | RA418.5 |
| Item number | .T73S64 2000 |
| 100 1# - MAIN ENTRY--PERSONAL NAME | |
| Personal name | Spector, Rachel E. |
| -- | 0000155764 |
| 245 10 - TITLE STATEMENT | |
| Title | Cultural diversity in health & illness / |
| Statement of responsibility, etc. | Rachel E. Spector. |
| 250 ## - EDITION STATEMENT | |
| Edition statement | 5th ed. |
| 260 ## - PUBLICATION, DISTRIBUTION, ETC. (IMPRINT) | |
| Place of publication, distribution, etc. | Upper Saddle River, New Jersey : |
| Name of publisher, distributor, etc. | Prentice Hall Health, |
| Date of publication, distribution, etc. | 2000. |
| 300 ## - PHYSICAL DESCRIPTION | |
| Extent | xvi, 349 p. : |
| Other physical details | ill. ; |
| Dimensions | 23 cm. |
| 504 ## - BIBLIOGRAPHY, ETC. NOTE | |
| Bibliography, etc | Includes bibliography [p. 317-337] and index. |
| 650 #0 - SUBJECT ADDED ENTRY--TOPICAL TERM | |
| Topical term or geographic name as entry element | Transculture medical care |
| Geographic subdivision | United States. |
| -- | 0000155765 |
| 650 #0 - SUBJECT ADDED ENTRY--TOPICAL TERM | |
| Topical term or geographic name as entry element | Health attitudes |
| Geographic subdivision | United States. |
| -- | 0000155766 |
| 908 ## - PUT COMMAND PARAMETER (RLIN) | |
| Put command parameter | 070530 |
| 950 ## - LOCAL HOLDINGS (RLIN) | |
| -- | 1 |
| Withdrawn status | Lost status | Source of classification or shelving scheme | Not for loan | Home library | Current library | Date acquired | Total Checkouts | Full call number | Barcode | Date last seen | Date last checked out | Price effective from | Koha item type |
|---|---|---|---|---|---|---|---|---|---|---|---|---|---|
| Library of Congress Classification | Kabarak, Main Campus | Kabarak, Main Campus | 17/12/2015 | 1 | RA418.5 .T73S64 2000 | 006601 | 14/06/2016 | 11/06/2016 | 17/12/2015 | General Collection | |||
| Library of Congress Classification | Kabarak, Main Campus | Kabarak, Main Campus | 17/12/2015 | RA418.5 .T73S64 2000 | 006602 | 17/12/2015 | 17/12/2015 | General Collection | |||||
| Library of Congress Classification | Kabarak, Main Campus | Kabarak, Main Campus | 17/12/2015 | 1 | RA418.5 .T73S64 2000 | 006600 | 07/06/2016 | 02/06/2016 | 17/12/2015 | General Collection |